Struggles for equal voice : the history of African American media democracy /

Bibliographic Details
Main Author: Kiuchi, Yuya
Format: Book
Language:English
Published: Albany : State University of New York Press, [2012]
Subjects:

MARC

Tag First Indicator Second Indicator Subfields
LEADER 00000cam a2200000 a 4500
001 in00002783466
005 20150922150623.0
008 120130s2012 nyu b s001 0 eng
010 |a  2012002855 
020 |a 9781438444796 (hardcover : alk. paper) 
020 |a 1438444796 (hardcover : alk. paper) 
035 |a (OCoLC)ocn774867614 
040 |a DLC  |c DLC  |d UtOrBLW 
043 |a n-us--- 
049 |a TXAM 
050 0 0 |a PN1992.8.A34  |b K58 2012 
082 0 0 |a 791.45/652996  |2 23 
100 1 |a Kiuchi, Yuya. 
245 1 0 |a Struggles for equal voice :  |b the history of African American media democracy /  |c Yuya Kiuchi. 
264 1 |a Albany :  |b State University of New York Press,  |c [2012] 
264 4 |c ©2012 
300 |a xviii, 324 pages ;  |c 24 cm. 
336 |a text  |b txt  |2 rdacontent 
337 |a unmediated  |b n  |2 rdamedia 
338 |a volume  |b nc  |2 rdacarrier 
504 |a Includes bibliographical references and index. 
505 0 |a Introduction : unveiling the struggles for equal voice -- The Black image in the white pathology -- Cable television in the past and present -- The incubation period of cable television -- Drafting of democratic communication media -- Progress and struggles in the process of franchise decisions for media democracy -- From agreement to production : period of struggling -- Conclusion : BET is not the answer. 
650 0 |a African Americans in television broadcasting  |x History. 
650 0 |a African Americans on television  |x History. 
650 0 |a Television broadcasting  |x Social aspects  |z United States. 
650 0 |a Cable television  |x Social aspects  |z United States. 
945 |a PromptCat  |b 108296 
946 |a stk 
947 |a A14836013363 
948 |a cataloged  |b h  |c 2012/12/3  |d c  |e dmitchel  |f 1:30:20 pm 
994 |a 92  |b TXA 
999 |a MARS 
999 f f |s e667e8d2-6068-3580-a9fc-949d6f5687ec  |i 931ff8db-a9ef-33c9-906d-f4d56a90d020  |t 0 
952 f f |p noncirc  |a Texas A&M University  |b College Station  |c Cushing Memorial Library & Archives  |d Cushing: Area Studies/Africana (Does not check out)  |t 0  |e PN1992.8.A34 K58 2012  |h Library of Congress classification  |i unmediated -- volume  |m A14836013363 
998 f f |a PN1992.8.A34 K58 2012  |t 0  |l Cushing: Area Studies/Africana (Does not check out)